000 00653cam a2200217 4500500
005 20260405002533.0
041 _afre
042 _adc
100 1 0 _aKrempp, Guillaume
_eauthor
245 0 0 _aTiphaine Lagarde. Une justicière au service des animaux
260 _c2017.
500 _a37
690 _aAnimal
690 _aAntispécisme
690 _aDésobéissance civile
690 _aHomme
690 _aLoi
690 _aTiphaine Lagarde
786 0 _nPhilosophie magazine | 113 | 10 | 2017-10-01 | p. 3-3 | 1951-1787
856 4 1 _uhttps://shs.cairn.info/magazine-philosophie-magazine-2017-10-page-3?lang=fr&redirect-ssocas=7080
999 _c2058645
_d2058645